Countries Closest to Liberia - Statistics

General Stats
  • This quiz has been taken 30 times
  • The average score is 19 of 20
Answer Stats
Distance (mi) Answer Distance (km) % Correct
0 Guinea 0
100%
0 Ivory Coast 0
100%
619 Benin 997
96%
281 Burkina Faso 451
96%
1,094 Cameroon 1,760
96%
291 Ghana 469
96%
174 Mali 281
96%
447 Mauritania 719
96%
747 Niger 1,202
96%
695 Nigeria 1,119
96%
0 Sierra Leone 0
96%
550 Togo 885
96%
322 Guinea-Bissau 518
92%
905 Morocco 1,456
92%
1,007 São Tomé and Principe 1,620
92%
991 Equatorial Guinea 1,596
88%
413 Gambia 664
88%
281 Senegal 452
88%
969 Cape Verde 1,560
83%
959 Saint Helena, Ascension, and Tristan da Cunha (United Kingdom) 1,544
75%
No matching quizzes found
Score Distribution
Percent of People with Each Score
Percentile by Number Answered
Your Score History
You have not taken this quiz